000 00495nab a2200145Ia 4500
003 ES-SlBCS
005 20210601125455.0
008 140529s1988-89 xxu||||| |||| 00| 0 eng d
041 _aeng
100 1 _aBeavers, Anthony F.
_9159076
245 0 0 _aMotion, Mobility and Method in Aristotle's Physics: Comments on Physics 2.1.192b20-24
_c Anthony F. Beavers
600 0 4 _aAristóteles-Movimiento
_9159077
773 0 _tReview of Methaphysics
_gvol. 42, 1988-89, págs. 357-374
_wRev843
942 _cAR
999 _c530923
_d530923